000
00276nam a2200121Ia 4500
008
190216s9999||||xx |||||||||||||| ||und||
100
_a
Shukoorali K P
245
0
_a
Arabic Bodhana Sahayi
260
_b
Huda Publications
_c
1977
300
_a
141p
650
_a
Arabic
942
_c
BK
999
_c
146
_d
146